00808nam a2200217Ia 4500008004100000020001700041040001400058082002200072100005300094245005700147260003800204300001700242365002800259366000800287505002200295530003000317620010600347630005700453650002300510730005700533100315s9999 xx 000 0 und d a8176350583  cENGLISH  b9754 a005.754  a"Lafferty, David, Mcgehee, Brad, Miller, Chris " aMCSE Training Guide : SQL Serever 6.5 Administration aNEW DELHI bTECHMEDIA  c1998  a"xvi,704  " eRupees d1 b425.00  f0  gVaibhav Gaikwad  bDonated By RBI Library   a"MCSE Training Guide : SQL Serever 6.5 Administration, Computer Science, RBI Book, Troubleshooting " aMCSE Training Guide : SQL Serever 6.5 Administration aCOMPUTER SCIENCE  aMCSE Training Guide : SQL Serever 6.5 Administration